TAYLOR SWIFT SONGS - Estadísticas

Estadísticas generales
  • Esta prueba ha sido intentada 918 veces
    31 desde el último reinicio
  • La puntuación promedio es 95 de 249
Estadísticas de respuestas
Hint Respuesta % Correcto
Lover Lover
93%
1989 Style
81%
Fearless Fearless
78%
Lover ME!
78%
1989 Shake it off
78%
Red All too well
74%
1989 Blank Space
74%
Red Red
74%
Speak Now Speak now
74%
Folklore The 1
74%
1989 Bad blood
70%
Fearless Love story
70%
TLOAS Opalite
70%
TLOAS The fate of ophelia
70%
Lover The man
70%
Red 22
67%
Folklore August
67%
Lover Cruel summer
67%
1989 Out of the woods
67%
1989 Slut!
67%
Lover The archer
67%
Folklore Cardigan
63%
Speak Now Dear John
63%
Taylor Swift Invisible
63%
1989 Wildest dreams
63%
Lover Cornelia street
59%
Evermore Evermore
59%
Folklore Exile
59%
Reputation Getaway car
59%
Reputation Look what you made me do
59%
Speak Now Mine
59%
Folklore Mirrorball
59%
Lover Paper rings
59%
Red We are never ever getting back together
59%
Fearless you belong with me
59%
Folklore Betty
56%
Evermore Champagne problems
56%
Reputation Delicate
56%
Reputation Dress
56%
TLOAS Elizabeth Taylor
56%
Red I knew you were trouble
56%
Midnights Karma
56%
Speak Now Ours
56%
Reputation ...Ready for it?
56%
1989 Welcome to New York
56%
Midnights Bejeweled
52%
Reputation Don't blame me
52%
Speak Now Enchanted
52%
Reputation End game
52%
TTPD Fortnight
52%
1989 Is it over now?
52%
Midnights Lavender haze
52%
Midnights Maroon
52%
Midnights Midnight rain
52%
Fearless Mr. Perfectly fine
52%
Folklore My tears ricochet
52%
1989 New romantics
52%
Folklore The lakes
52%
TLOAS The life of a showgirl
52%
Taylor Swift Tim McGraw
52%
Fearless white horse
52%
Midnights Anti-Hero
48%
1989 Clean
48%
Lover Daylight
48%
TTPD Florida!!!
48%
Folklore Invisible string
48%
Reputation King of my heart
48%
Speak Now Mean
48%
Taylor Swift Our song
48%
Folklore Seven
48%
Midnights Snow on the beach
48%
Folklore This is me trying
48%
1989 This love
48%
Evermore Willow
48%
Lover You need to calm down
48%
Speak Now Back to december
44%
Speak Now Better than revenge
44%
Reputation Call it what you want
44%
TLOAS Cancelled
44%
Reputation Dancing with our hands tied
44%
TTPD Down bad
44%
Reputation Gorgeous
44%
Speak Now I can see you
44%
Reputation I did something bad
44%
Folklore Illicit affairs
44%
Lover London boy
44%
Evermore Marjorie
44%
Red Nothing new
44%
Taylor Swift Picture to burn
44%
TTPD So high school
44%
Speak Now Sparks fly
44%
Taylor Swift Teardrops on my guitar
44%
Folklore The last great american dynasty
44%
Fearless The way i loved you
44%
Evermore Tolerate it
44%
Speak Now When Emma falls in love
44%
TLOAS Wish list
44%
TLOAS Wood
44%
Lover Death by a thousand cuts
41%
TLOAS Eldest daughter
41%
Folklore Epiphany
41%
Lover False god
41%
TTPD Loml
41%
Speak Now Long live
41%
Midnights Mastermind
41%
Lover Miss americana & the heartbreak prince
41%
Reputation New year's day
41%
TTPD Petter
41%
Evermore Right where you left me
41%
Reputation So it goes...
41%
TTPD So long, London
41%
TTPD The black dog
41%
Midnights Vigilante shit
41%
TLOAS Actually romantic
37%
Lover Afterglow
37%
TTPD Clara bow
37%
Evermore Cowboy like me
37%
Evermore Dorothea
37%
TLOAS Father figure
37%
Fearless Fifteen
37%
Evermore Gold rush
37%
TLOAS Honey
37%
TTPD I can do it with a broken heart
37%
Folklore Mad woman
37%
Midnights Paris
37%
Taylor Swift should've said no
37%
Red The last time
37%
TTPD The smallest man who ever lived
37%
Reputation This is why we can't have nice things
37%
Speak Now Timeless
37%
1989 Wonderland
37%
1989 You are in love
37%
Midnights You're on your own, kid
37%
TTPD But daddy i love him
33%
Midnights Glitch
33%
TTPD Guilty as sin?
33%
Speak Now Haunted
33%
Fearless Hey Stephen
33%
Folklore Hoax
33%
1989 How you get the girl
33%
Red I bet you think about me
33%
Lover I forgot that you existed
33%
Evermore Ivy
33%
Midnights Labyrinth
33%
Red Message in a bottle
33%
Evermore No body, no crime
33%
Folklore Peace
33%
Lover Soon you'll get better
33%
1989 Suburban legends
33%
Midnights Sweet nothing
33%
TTPD The alchemy
33%
Midnights The great war
33%
Speak Now The story of us
33%
Red Begin again
30%
Red Better man
30%
TTPD Chloe or Sam or Sophia or Marcus
30%
TTPD Fresh out the slammer
30%
Midnights High infidelity
30%
1989 I know places
30%
Speak Now Innocent
30%
Lover I think he knows
30%
Lover It's nice to have a friend
30%
1989 I wish you would
30%
Speak Now Last kiss
30%
Taylor Swift Mary's song
30%
Speak Now Never grow up
30%
Red Ronan
30%
TLOAS Ruin the friendship
30%
Red State of grace
30%
Red Stay stay stay
30%
Speak Now Superman
30%
TTPD The manuscript
30%
TTPD The prophecy
30%
TTPD The tortured poets department
30%
1989 All you had to do was stay
26%
Red Babe
26%
Midnights Bigger than the whole sky
26%
Speak Now Castles crumbling
26%
Evermore Coney island
26%
Midnights Dear reader
26%
Speak Now Foolish one
26%
TTPD How did it end?
26%
1989 Now that we don't talk
26%
TTPD Robin
26%
1989 Say don't go
26%
Taylor Swift A place in this world
22%
Fearless Bye bye baby
22%
TTPD Cassandra
22%
Speak Now Electric touch
22%
Red Everything has changed
22%
Fearless Forever & Always
22%
Midnights Hits different
22%
TTPD i hate it here
22%
Evermore It's time to go
22%
Midnights Question...?
22%
Fearless Superstar
22%
TTPD The albatross
22%
TTPD The bolter
22%
Red The lucky one
22%
Fearless The other side of the door
22%
Taylor Swift The outside
22%
Red The very first night
22%
Evermore 'tis the damn season
22%
Fearless Untouchable
22%
TTPD Who's afraid of little old me?
22%
Midnights Would've, could've, should've
22%
Fearless Breathe
19%
Evermore Closure
19%
Taylor Swift cold as you
19%
Red Come back...Be here
19%
Fearless Come in with the rain
19%
Fearless Don't you
19%
Red Girl at home
19%
Evermore Happiness
19%
Red I almost do
19%
TTPD I can fix him (No really i can)
19%
Fearless Single If this was a movie
19%
Taylor Swift I'm only me when i'm with you
19%
Fearless Jump then fall
19%
Evermore Long story short
19%
Red Run
19%
Red Sad beautiful tragic
19%
Taylor Swift Stay beautiful
19%
TTPD ThanK you aIMee
19%
Taylor Swift tied together with a smile
19%
Fearless You're not sorry
19%
Red All too well (10 minute version)
15%
Taylor Swift A perfectly good heart
15%
Fearless Change
15%
Red Forever winter
15%
Red Starlight
15%
Fearless Tell me why
15%
Fearless The best day
15%
Red The moment i knew
15%
Red Treacherous
15%
Fearless Forever & Always (Piano version)
11%
Red Holy ground
11%
Taylor Swift Teardrops on my guitar (pop version)
11%
Fearless That's when
11%
Fearless We were happy
11%
TTPD I look in people's windows
7%
Midnights Karma (feat, Ice Spice)
7%
TTPD My boy only break his favourite toys
7%
Midnights Snow on the beach (feat. More Lana Del Rey)
7%
Red State of Grace (acoustic version)
7%
Fearless Today was a fairytale
7%
1989 Bad blood (feat. Kendrick Lamar)
4%
TTPD imgonagetyouback
4%
Fearless You all over me (feat. Maren Morris)
0%
No se encontraron pruebas coincidentes
Distribución de puntuación
Porcentaje de gente con cada puntuación
Porcentaje por número respondido
Historial de tus puntuaciones
No has intentado esta prueba desde el último reinicio